[Event "Wch U20"]
[Site "Zagan"]
[Date "1997.07.24"]
[Round "10"]
[White "Ponomariov, Ruslan"]
[Black "Morozevich, Alexander"]
[Result "0-1"]
[WhiteElo "2555"]
[BlackElo "2590"]
[PlyCount "108"]
[EventDate "1997.07.14"]
[EventType "swiss"]
[EventRounds "13"]
[EventCountry "POL"]
[SourceTitle "CBM 059 Extra"]
[Source "ChessBase"]
[SourceDate "1997.09.26"]
[SourceVersion "1"]
[SourceVersionDate "1997.09.26"]
[SourceQuality "1"]

1. e4 e6 2. d4 d5 3. Nd2 Be7 4. Ngf3 Nf6 5. Bd3 c5 6. exd5 Nxd5 7. Nb3 cxd4 8.
Nbxd4 a6 9. O-O Qc7 10. Re1 O-O 11. Ng5 h6 12. Nh7 Rd8 13. Qg4 Bc5 14. Nb3 Bd6
15. Bxh6 f5 16. Qg6 Qf7 17. Qxf7+ Kxf7 18. Bd2 Bf4 19. Ng5+ Kf6 20. Bxf4 Nxf4
21. h4 Nxd3 22. cxd3 Nc6 23. d4 a5 24. a4 Rd6 25. Rad1 Nb4 26. g4 g6 27. gxf5
gxf5 28. Nd2 Rxd4 29. Ndf3 Rxd1 30. Rxd1 Nd5 31. h5 Bd7 32. h6 Bc6 33. Kh2 Nf4
34. Rd4 Ng6 35. Nh7+ Ke7 36. Nh4 Ne5 37. f4 Ng4+ 38. Kg3 Rg8 39. Ng5 Nxh6 40.
Nhf3 Nf7 41. Kf2 e5 42. Rd1 Nxg5 43. Nxg5 exf4 44. Re1+ Kf6 45. Nh7+ Kg6 46.
Ng5 Kf6 47. Nh7+ Kf7 48. Re5 Kg6 49. Rxa5 Rh8 50. b4 Rxh7 51. b5 Be4 52. Ra8
Rh2+ 53. Kg1 Rb2 54. a5 f3 0-1

[Event "Wch U18"]
[Site "Yerevan"]
[Date "1997.09.21"]
[Round "1"]
[White "Ponomariov, Ruslan"]
[Black "Dearing, Eddie"]
[Result "0-1"]
[WhiteElo "2555"]
[BlackElo "2210"]
[PlyCount "70"]
[EventDate "1997.09.21"]
[EventType "swiss"]
[EventRounds "11"]
[EventCountry "ARM"]
[SourceTitle "EXT 2008"]
[Source "ChessBase"]
[SourceDate "2007.11.25"]
[SourceVersion "1"]
[SourceVersionDate "2007.11.25"]
[SourceQuality "1"]

1. e4 c5 2. c3 d5 3. exd5 Qxd5 4. d4 Nf6 5. Nf3 Bg4 6. Be2 e6 7. h3 Bh5 8. O-O
Nc6 9. a3 cxd4 10. cxd4 Be7 11. Nc3 Qd6 12. Be3 O-O 13. Qb3 Rfd8 14. Rfd1 a6
15. d5 exd5 16. g4 Bg6 17. g5 Ne4 18. Nxd5 Qe6 19. Qxb7 Bf8 20. Nc7 Qxh3 21.
Nxa8 Qg4+ 22. Kf1 Qh3+ 23. Ke1 Qh1+ 24. Bf1 Ng3 25. Nh2 Nb4 26. Qc7 Rxd1+ 27.
Rxd1 Nxf1 28. Nxf1 Nd3+ 29. Kd2 Qxa8 30. Kc3 Qd5 31. Rd2 h5 32. Qc4 Qa5+ 33.
Kb3 Nxb2 34. Qb4 Bxb4 35. axb4 Qb5 0-1

[Event "Wch U18"]
[Site "Yerevan"]
[Date "1997.09.23"]
[Round "3"]
[White "Chikovani, Vakhtang"]
[Black "Ponomariov, Ruslan"]
[Result "0-1"]
[WhiteElo "2140"]
[BlackElo "2555"]
[PlyCount "92"]
[EventDate "1997.09.21"]
[EventType "swiss"]
[EventRounds "11"]
[EventCountry "ARM"]
[SourceTitle "EXT 2008"]
[Source "ChessBase"]
[SourceDate "2007.11.25"]
[SourceVersion "1"]
[SourceVersionDate "2007.11.25"]
[SourceQuality "1"]

1. e4 d6 2. d4 Nf6 3. Nc3 g6 4. Bg5 h6 5. Bf4 c6 6. h3 Qa5 7. Bd3 e5 8. dxe5
dxe5 9. Be3 Bg7 10. Qd2 Be6 11. Nge2 Nbd7 12. O-O Qc7 13. f4 exf4 14. Nxf4 Ne5
15. Nxe6 fxe6 16. Na4 b6 17. Qb4 Qe7 18. Qc3 Nfd7 19. Qe1 O-O-O 20. Ba6+ Kc7
21. Qg3 g5 22. Be2 Rhf8 23. Nc3 Kb7 24. a4 Rxf1+ 25. Bxf1 a5 26. Rd1 Nf8 27.
Qf2 Rxd1 28. Nxd1 Qb4 29. Qe2 Nfd7 30. b3 Kc7 31. Qa6 Ng6 32. Qa7+ Kd6 33. Bf2
Bd4 34. Ne3 Qc3 35. Nd1 Bxf2+ 36. Nxf2 Qxc2 37. Qa8 Qxb3 38. Qg8 Nge5 39. Qg7
Qg3 40. Be2 Qe3 41. Bf1 h5 42. Qh6 h4 43. Qh5 Nf6 44. Qh8 Nxe4 45. Qf8+ Kc7 46.
Qg7+ Nd7 0-1

[Event "Wch U18"]
[Site "Yerevan"]
[Date "1997.09.25"]
[Round "5"]
[White "Liang, Chong"]
[Black "Ponomariov, Ruslan"]
[Result "0-1"]
[WhiteElo "2360"]
[BlackElo "2555"]
[PlyCount "76"]
[EventDate "1997.09.21"]
[EventType "swiss"]
[EventRounds "11"]
[EventCountry "ARM"]
[SourceTitle "EXT 2008"]
[Source "ChessBase"]
[SourceDate "2007.11.25"]
[SourceVersion "1"]
[SourceVersionDate "2007.11.25"]
[SourceQuality "1"]

1. d4 f5 2. Nc3 d5 3. Bg5 c6 4. e3 Qb6 5. Na4 Qa5+ 6. c3 Nd7 7. b4 Qc7 8. Bd3
b5 9. Nb2 e6 10. a4 Ngf6 11. Bxf6 gxf6 12. Qh5+ Ke7 13. a5 Qd8 14. Ne2 Qe8 15.
Qf3 Kd8 16. h3 h5 17. h4 Bd6 18. Ng3 Nf8 19. Be2 Qg6 20. Nxh5 e5 21. Qg3 Qf7
22. Qg7 Qxg7 23. Nxg7 f4 24. Nh5 Ke7 25. g3 fxe3 26. fxe3 Bf5 27. O-O Be4 28.
Nxf6 exd4 29. exd4 Bxg3 30. Nd3 Rxh4 31. Nxe4 dxe4 32. Ne1 Ne6 33. Ng2 Rh2 34.
Ne3 Rxe2 35. Nf5+ Kd7 36. Nxg3 Rg8 37. Rf7+ Ke8 38. Kf1 Rxg3 0-1

[Event "Wch U18"]
[Site "Yerevan"]
[Date "1997.09.26"]
[Round "6"]
[White "Ponomariov, Ruslan"]
[Black "Stevic, Hrvoje"]
[Result "1-0"]
[WhiteElo "2555"]
[BlackElo "2400"]
[PlyCount "81"]
[EventDate "1997.09.21"]
[EventType "swiss"]
[EventRounds "11"]
[EventCountry "ARM"]
[SourceTitle "EXT 2008"]
[Source "ChessBase"]
[SourceDate "2007.11.25"]
[SourceVersion "1"]
[SourceVersionDate "2007.11.25"]
[SourceQuality "1"]

1. e4 c5 2. Nf3 e6 3. c3 Nf6 4. e5 Nd5 5. Bc4 Nb6 6. Bb3 Nc6 7. O-O d5 8. exd6
Bxd6 9. d4 O-O 10. dxc5 Bxc5 11. Qe2 Be7 12. Bf4 Nd5 13. Bg3 Nf6 14. Rd1 Qa5
15. Nbd2 Nh5 16. Bh4 Bxh4 17. Nxh4 Nf6 18. Nhf3 Qh5 19. Bc2 e5 20. Ne4 Nxe4 21.
Bxe4 f6 22. Qb5 Qe8 23. Rd6 Nd8 24. Qd3 g6 25. Rd1 Be6 26. Bd5 Rf7 27. Qc4 Bxd5
28. Qxd5 Nc6 29. Rxf6 Rd8 30. Qxf7+ Qxf7 31. Rxd8+ Nxd8 32. Rxf7 Nxf7 33. Kf1
Kg7 34. Ke2 Kf6 35. Nd2 Nd6 36. Kd3 Kf5 37. c4 h6 38. b4 a6 39. a4 g5 40. c5
Ne8 41. Nc4 1-0

[Event "Wch U18"]
[Site "Yerevan"]
[Date "1997.09.28"]
[Round "7"]
[White "Asrian, Karen"]
[Black "Ponomariov, Ruslan"]
[Result "1/2-1/2"]
[WhiteElo "2515"]
[BlackElo "2555"]
[PlyCount "118"]
[EventDate "1997.09.21"]
[EventType "swiss"]
[EventRounds "11"]
[EventCountry "ARM"]
[SourceTitle "EXT 2008"]
[Source "ChessBase"]
[SourceDate "2007.11.25"]
[SourceVersion "1"]
[SourceVersionDate "2007.11.25"]
[SourceQuality "1"]

1. e4 d6 2. d4 Nf6 3. Nc3 g6 4. Nf3 Bg7 5. Be2 O-O 6. O-O Bg4 7. Be3 Nc6 8. Qd2
e5 9. dxe5 dxe5 10. Rad1 Qc8 11. Qc1 Rd8 12. Rxd8+ Qxd8 13. Rd1 Qf8 14. h3 Bxf3
15. Bxf3 Rd8 16. Rxd8 Qxd8 17. Qd1 Nd4 18. Kh1 Nd7 19. Bg4 h5 20. Be2 c6 21.
Bf1 a5 22. Nb1 Qc7 23. c3 Ne6 24. Nd2 Kh7 25. Nc4 b5 26. Nd2 Ndc5 27. b4 axb4
28. cxb4 Nd7 29. Nb3 Bh6 30. Qf3 Bf4 31. g3 Ng5 32. Qe2 Bxe3 33. Qxe3 Ne6 34.
h4 Qd6 35. Qd3 Qxd3 36. Bxd3 Kg7 37. Kg2 Kf6 38. Kf3 g5 39. hxg5+ Kxg5 40. Bf1
h4 41. Bh3 Ndf8 42. gxh4+ Kxh4 43. Bf5 Kg5 44. Ke3 Kf6 45. Bg4 Ke7 46. Nc1 Nf4
47. Nd3 Nxd3 48. Kxd3 Ng6 49. Bd1 Nf4+ 50. Kd2 Kd6 51. a4 bxa4 52. Bxa4 c5 53.
bxc5+ Kxc5 54. Ke3 Kc4 55. Bc6 Kc3 56. Be8 f6 57. Bd7 Nd3 58. Bb5 Ne1 59. Ba4
Nd3 1/2-1/2

[Event "Wch U18"]
[Site "Yerevan"]
[Date "1997.09.29"]
[Round "8"]
[White "Ponomariov, Ruslan"]
[Black "Gershon, Alik"]
[Result "1-0"]
[WhiteElo "2555"]
[BlackElo "2420"]
[PlyCount "101"]
[EventDate "1997.09.21"]
[EventType "swiss"]
[EventRounds "11"]
[EventCountry "ARM"]
[SourceTitle "EXT 2008"]
[Source "ChessBase"]
[SourceDate "2007.11.25"]
[SourceVersion "1"]
[SourceVersionDate "2007.11.25"]
[SourceQuality "1"]

1. e4 c5 2. c3 Nf6 3. e5 Nd5 4. Nf3 e6 5. Bc4 b6 6. O-O Bb7 7. d4 Be7 8. dxc5
bxc5 9. Nbd2 Nc6 10. Re1 Qc7 11. Nf1 Nb6 12. Bd3 d5 13. exd6 Bxd6 14. Bg5 h6
15. Bh4 g5 16. Bg3 O-O-O 17. Qe2 Kb8 18. Ba6 g4 19. N3d2 Bxg3 20. hxg3 h5 21.
Bxb7 Qxb7 22. Ne4 Rd5 23. Qe3 Nc4 24. Qf4+ Qc7 25. b3 Qxf4 26. gxf4 Nd6 27. Ng5
Rf5 28. g3 h4 29. Rad1 Nb5 30. Rd3 Nc7 31. Rd6 Kb7 32. Rd7 hxg3 33. fxg3 Rf8
34. Ne4 Kc8 35. Rd6 Ne7 36. Rd2 Kb8 37. Ne3 Rh8 38. Nxf5 Nxf5 39. Ree2 Nd5 40.
Rh2 Rc8 41. Rh7 Rc7 42. c4 Nd4 43. cxd5 Nf3+ 44. Kf2 Nxd2 45. Nxd2 exd5 46. Rh5
c4 47. bxc4 dxc4 48. Rb5+ Kc8 49. Ke2 c3 50. Nb3 c2 51. Kd2 1-0

[Event "Wch U18"]
[Site "Yerevan"]
[Date "1997.09.30"]
[Round "9"]
[White "Iljushin, Alexei"]
[Black "Ponomariov, Ruslan"]
[Result "0-1"]
[WhiteElo "2430"]
[BlackElo "2555"]
[PlyCount "70"]
[EventDate "1997.09.21"]
[EventType "swiss"]
[EventRounds "11"]
[EventCountry "ARM"]
[SourceTitle "EXT 2008"]
[Source "ChessBase"]
[SourceDate "2007.11.25"]
[SourceVersion "1"]
[SourceVersionDate "2007.11.25"]
[SourceQuality "1"]

1. d4 Nf6 2. c4 c5 3. d5 b5 4. cxb5 a6 5. f3 g6 6. e4 Bg7 7. Na3 O-O 8. Ne2 e6
9. Nc3 Bb7 10. Bc4 axb5 11. Naxb5 Nxd5 12. Bxd5 exd5 13. exd5 Re8+ 14. Kf2 c4
15. g3 Qb6+ 16. Kg2 Na6 17. Qg1 Qa5 18. Be3 Rxe3 19. Qxe3 Nb4 20. Rad1 Nxd5 21.
Nxd5 Qxb5 22. Nc7 Qxb2+ 23. Rd2 Qa3 24. Qxa3 Rxa3 25. Rb1 Bxf3+ 26. Kf2 Bc6 27.
Rb8+ Bf8 28. Nb5 Ra5 29. Nd6 c3 30. Rc2 Kg7 31. Ne8+ Kh6 32. Rxc3 Rxa2+ 33. Ke3
Be7 34. h4 Kh5 35. Rd3 Bc5+ 0-1

[Event "Wch U18"]
[Site "Yerevan"]
[Date "1997.10.01"]
[Round "10"]
[White "Chibukhchian, Artur"]
[Black "Ponomariov, Ruslan"]
[Result "1/2-1/2"]
[WhiteElo "2405"]
[BlackElo "2555"]
[PlyCount "116"]
[EventDate "1997.09.21"]
[EventType "swiss"]
[EventRounds "11"]
[EventCountry "ARM"]
[SourceTitle "EXT 2008"]
[Source "ChessBase"]
[SourceDate "2007.11.25"]
[SourceVersion "1"]
[SourceVersionDate "2007.11.25"]
[SourceQuality "1"]

1. d4 d5 2. c4 dxc4 3. Nf3 a6 4. e3 Nf6 5. a4 e6 6. Bxc4 c5 7. O-O Nc6 8. Qe2
Qc7 9. Rd1 Bd6 10. Nc3 O-O 11. h3 b6 12. dxc5 Bxc5 13. e4 Nd7 14. Kh1 Bb7 15.
Bg5 Nde5 16. Nxe5 Nxe5 17. Ba2 Ng6 18. Rac1 Qe5 19. Be3 Rfd8 20. Bb1 h5 21. h4
Nxh4 22. f4 Qf6 23. Bxc5 bxc5 24. g3 Nf5 25. Kh2 Nd4 26. Qxh5 g6 27. Qg4 e5 28.
Rf1 Bc8 29. f5 Rb8 30. Rf2 Be6 31. Rcf1 Bc4 32. fxg6 Qxg6 33. Qxg6+ fxg6 34.
Ba2 Bxa2 35. Nxa2 Rf8 36. Rxf8+ Rxf8 37. Rxf8+ Kxf8 38. Nc3 Ke7 39. Kg2 Kd6 40.
Kf2 c4 41. Nd5 Kc5 42. Ke3 Nc6 43. g4 g5 44. Nc7 Kb4 45. Kd2 Kb3 46. Kc1 Nb4
47. Kb1 a5 48. Ne6 Nd3 49. Nxg5 Nxb2 50. Nf3 c3 51. Ne1 Nxa4 52. g5 Nc5 53. g6
Ne6 54. Nd3 a4 55. Nc1+ Kc4 56. Kc2 a3 57. Na2 Nd4+ 58. Kc1 Ne6 1/2-1/2

[Event "Wch U18"]
[Site "Yerevan"]
[Date "1997.10.02"]
[Round "11"]
[White "Ponomariov, Ruslan"]
[Black "Dervishi, Erald"]
[Result "1-0"]
[WhiteElo "2555"]
[BlackElo "2395"]
[PlyCount "111"]
[EventDate "1997.09.21"]
[EventType "swiss"]
[EventRounds "11"]
[EventCountry "ARM"]
[SourceTitle "EXT 2008"]
[Source "ChessBase"]
[SourceDate "2007.11.25"]
[SourceVersion "1"]
[SourceVersionDate "2007.11.25"]
[SourceQuality "1"]

1. e4 e5 2. Nf3 Nc6 3. Nc3 Nf6 4. g3 d5 5. exd5 Nxd5 6. Bg2 Nxc3 7. bxc3 Bd6 8.
O-O O-O 9. Re1 Bg4 10. h3 Bh5 11. g4 Bg6 12. d3 e4 13. Ng5 exd3 14. cxd3 Bxd3
15. Qb3 Na5 16. Qa4 c5 17. Ne4 Be7 18. Bf4 c4 19. Qb5 a6 20. Qh5 Nc6 21. Rad1
Re8 22. g5 Qd7 23. Qf3 Rad8 24. h4 Bxe4 25. Qxe4 Qg4 26. Rxd8 Rxd8 27. Bg3 Qxe4
28. Rxe4 f6 29. Rxc4 fxg5 30. hxg5 Bd6 31. Bh4 Rc8 32. Bh3 Rf8 33. Be6+ Kh8 34.
Kg2 Rf4 35. Rxf4 Bxf4 36. Bc8 Na5 37. g6 Be5 38. c4 Nxc4 39. Bxb7 a5 40. Bd5
Nb6 41. Bf7 hxg6 42. Bxg6 Nd5 43. Bf7 Nc3 44. Bd8 a4 45. Bb6 g5 46. Kf3 Kg7 47.
Bc4 Kg6 48. Kg4 Bf6 49. f3 Nd1 50. Bd3+ Kg7 51. Kf5 Nb2 52. Bb5 Kf7 53. Bc5 Bd8
54. a3 Bf6 55. Be2 Kg7 56. Bd6 1-0

[Event "Swidnica op rap"]
[Site "Swidnica"]
[Date "1998.??.??"]
[Round "?"]
[White "Berezin, Oleg"]
[Black "Ponomariov, Ruslan"]
[Result "1-0"]
[WhiteElo "2455"]
[BlackElo "2580"]
[PlyCount "107"]
[EventDate "1998.??.??"]
[EventType "swiss"]
[EventRounds "9"]
[EventCountry "POL"]
[SourceTitle "EXT 2003"]
[Source "ChessBase"]
[SourceDate "2002.11.25"]
[SourceVersion "1"]
[SourceVersionDate "2002.11.25"]
[SourceQuality "1"]

1. Nf3 c5 2. c4 Nf6 3. Nc3 Nc6 4. g3 d5 5. cxd5 Nxd5 6. Qa4 Nb6 7. Qe4 g6 8.
Bg2 Bg7 9. d3 h6 10. O-O e5 11. Qe3 Qe7 12. Qd2 O-O 13. b3 Be6 14. Ba3 a5 15.
Qe3 Nd7 16. Rac1 Rac8 17. Nd2 b6 18. Nc4 Nb4 19. Bb2 Kh7 20. a3 Nc6 21. Nd5 Qd8
22. Nd6 Rb8 23. Nb5 Nd4 24. Bxd4 cxd4 25. Qf3 f5 26. b4 a4 27. Ndc7 Bb3 28. Na6
Rc8 29. Qb7 Nf6 30. Rc7 Rxc7 31. Nbxc7 Nd7 32. Bd5 Bxd5 33. Qxd5 Qe7 34. Ne6
Rc8 35. Nac7 Bf6 36. Rc1 h5 37. Rc6 Bh8 38. Rd6 Nf6 39. Qc6 h4 40. Kg2 hxg3 41.
hxg3 b5 42. Kg1 Bg7 43. Qb7 Ne8 44. Qxc8 Nxd6 45. Qa8 e4 46. Qd5 Bf6 47. Kf1
exd3 48. exd3 g5 49. f3 Kg6 50. Kg2 Kh6 51. Na6 Kg6 52. Nac5 Nf7 53. Nd7 Qd6
54. Ndf8+ 1-0

[Event "Swidnica op rap"]
[Site "Swidnica"]
[Date "1998.??.??"]
[Round "?"]
[White "Galinsky, Timofey"]
[Black "Ponomariov, Ruslan"]
[Result "1/2-1/2"]
[WhiteElo "2315"]
[BlackElo "2580"]
[PlyCount "65"]
[EventDate "1998.??.??"]
[EventType "swiss"]
[EventRounds "9"]
[EventCountry "POL"]
[SourceTitle "EXT 2003"]
[Source "ChessBase"]
[SourceDate "2002.11.25"]
[SourceVersion "1"]
[SourceVersionDate "2002.11.25"]
[SourceQuality "1"]

1. Nf3 d5 2. d4 Nf6 3. e3 c5 4. dxc5 e6 5. a3 Bxc5 6. Be2 O-O 7. O-O Qe7 8. c4
dxc4 9. Bxc4 a6 10. Qe2 b5 11. Bd3 e5 12. e4 Nc6 13. h3 Be6 14. Be3 Rfd8 15.
Rc1 Bxe3 16. Qxe3 Qd6 17. Bf1 Nd4 18. Nbd2 Rac8 19. Nxd4 exd4 20. Qe1 Rxc1 21.
Rxc1 Nd7 22. Nf3 Nc5 23. e5 Qd5 24. Rd1 Nb3 25. Bd3 h6 26. Bc2 Qc4 27. Qe4 Nc5
28. Qh7+ Kf8 29. Qh8+ Ke7 30. Qxg7 Qxc2 31. Qf6+ Ke8 32. Qh8+ Ke7 33. Qf6+
1/2-1/2

[Event "Swidnica op rap"]
[Site "Swidnica"]
[Date "1998.??.??"]
[Round "?"]
[White "Palus, Ryszard"]
[Black "Ponomariov, Ruslan"]
[Result "0-1"]
[WhiteElo "2385"]
[BlackElo "2580"]
[PlyCount "56"]
[EventDate "1998.??.??"]
[EventType "swiss"]
[EventRounds "9"]
[EventCountry "POL"]
[SourceTitle "EXT 2003"]
[Source "ChessBase"]
[SourceDate "2002.11.25"]
[SourceVersion "1"]
[SourceVersionDate "2002.11.25"]
[SourceQuality "1"]

1. d4 Nf6 2. c4 c5 3. Nf3 cxd4 4. Nxd4 Nc6 5. Nc3 e6 6. g3 Qb6 7. e3 Bb4 8. Be2
d5 9. O-O dxc4 10. Na4 Qc7 11. a3 Be7 12. Bxc4 O-O 13. Nb5 Qb8 14. Nbc3 Rd8 15.
Qc2 b6 16. Be2 Bb7 17. b4 Qc8 18. f4 e5 19. f5 e4 20. Nb5 Ne5 21. Qxc8 Raxc8
22. Nd4 Nf3+ 23. Nxf3 exf3 24. Bxf3 Bxf3 25. Rxf3 Rc2 26. Rf1 Ne4 27. b5 h5 28.
Rb1 h4 0-1

[Event "Swidnica op rap"]
[Site "Swidnica"]
[Date "1998.??.??"]
[Round "?"]
[White "Ponomariov, Ruslan"]
[Black "Arbakov, Valentin"]
[Result "1-0"]
[WhiteElo "2580"]
[BlackElo "2445"]
[PlyCount "189"]
[EventDate "1998.??.??"]
[EventType "swiss"]
[EventRounds "9"]
[EventCountry "POL"]
[SourceTitle "EXT 2003"]
[Source "ChessBase"]
[SourceDate "2002.11.25"]
[SourceVersion "1"]
[SourceVersionDate "2002.11.25"]
[SourceQuality "1"]

1. e4 c5 2. Nf3 d6 3. Bb5+ Bd7 4. Bxd7+ Qxd7 5. c4 Nf6 6. Nc3 Nc6 7. O-O Ne5 8.
Nxe5 dxe5 9. d3 e6 10. f4 Bd6 11. f5 O-O-O 12. Bg5 Be7 13. Bxf6 Bxf6 14. fxe6
fxe6 15. Rf3 Kb8 16. Qc2 h5 17. a3 h4 18. Raf1 h3 19. g3 a6 20. a4 Qc7 21. Nd1
Qf7 22. Qe2 Qg6 23. Nf2 Qe8 24. b3 Qg6 25. Kh1 Ka8 26. Rg1 Rh6 27. Rb1 Rhh8 28.
Kg1 Rc8 29. Rf1 Rcd8 30. Nd1 Bg5 31. R3f2 Qh6 32. Rf3 Qh5 33. Qf2 Be7 34. Nc3
Rhf8 35. Rxf8 Bxf8 36. Qe2 Qh6 37. Nd1 Be7 38. Nf2 Bg5 39. Ng4 Qh5 40. Kf2 Bd2
41. Qf3 Bc3 42. Ke2 Bd4 43. Ne3 Qg5 44. Nc2 Bc3 45. Qe3 Qe7 46. Qf3 Qd6 47. g4
Qb6 48. Rb1 Rh8 49. Qe3 Qd8 50. g5 Qe8 51. Rg1 Rf8 52. g6 Rf6 53. Qxh3 Rxg6 54.
Rxg6 Qxg6 55. Ne3 Bd4 56. Nf1 Ka7 57. Qg3 Qh5+ 58. Qf3 Qh6 59. Kd1 Qh4 60. h3
Qd8 61. Qg2 Qf6 62. Nd2 Kb6 63. Nf3 Be3 64. Kc2 Bf4 65. Qg4 Kc6 66. h4 Kd6 67.
h5 Ke7 68. Qg1 b6 69. a5 Bh6 70. Qg3 bxa5 71. Kb2 a4 72. bxa4 Kd6 73. Kc2 Bf4
74. Qe1 Qd8 75. Qc3 Qc7 76. Qe1 Qb6 77. Qb1 Qc7 78. Kd1 Ke7 79. Ke2 Kf7 80. Qg1
Kf8 81. Qg6 Qb6 82. Ng5 Qb2+ 83. Kf3 Bxg5 84. Qxg5 Qd4 85. Ke2 Qd6 86. a5 Qd4
87. h6 gxh6 88. Qf6+ Kg8 89. Qxe6+ Kg7 90. Qxa6 Qb2+ 91. Kf3 Qd2 92. Qb7+ Kg6
93. Qc6+ Kg5 94. Qxc5 Qd1+ 95. Kg2 1-0

[Event "Swidnica op rap"]
[Site "Swidnica"]
[Date "1998.??.??"]
[Round "?"]
[White "Ponomariov, Ruslan"]
[Black "Ostrowski, Leszek"]
[Result "1/2-1/2"]
[WhiteElo "2580"]
[BlackElo "2350"]
[PlyCount "103"]
[EventDate "1998.??.??"]
[EventType "swiss"]
[EventRounds "9"]
[EventCountry "POL"]
[SourceTitle "EXT 2003"]
[Source "ChessBase"]
[SourceDate "2002.11.25"]
[SourceVersion "1"]
[SourceVersionDate "2002.11.25"]
[SourceQuality "1"]

1. e4 e5 2. Nf3 Nc6 3. d4 exd4 4. Nxd4 Bc5 5. Be3 Qf6 6. c3 Nge7 7. Bc4 O-O 8.
O-O Bb6 9. Nc2 d6 10. f4 Be6 11. Bd3 Rad8 12. Bxb6 axb6 13. Nba3 Qh6 14. Nb5
Rc8 15. f5 Bd7 16. c4 Ne5 17. Nc3 Kh8 18. Be2 Ng8 19. a4 Nf6 20. b4 Bc6 21. Qd4
Rce8 22. Rae1 Bxe4 23. Nxe4 Nc6 24. Qd2 Rxe4 25. Qxh6 gxh6 26. Bd3 Re5 27. h3
Kg7 28. b5 Rxe1 29. Nxe1 Ne5 30. Rf4 Rd8 31. Bc2 Nfd7 32. g4 f6 33. Ng2 Nc5 34.
Ne3 c6 35. Rf1 Re8 36. Rd1 Ned3 37. Bxd3 Rxe3 38. Bf1 h5 39. gxh5 Nxa4 40. bxc6
bxc6 41. Rxd6 Re5 42. Rxc6 Rxf5 43. Rc7+ Kh6 44. Bd3 Rxh5 45. Kh2 Re5 46. Rxh7+
Kg5 47. Rg7+ Kh5 48. Rg2 Nc5 49. Be2+ Kh6 50. h4 Ne6 51. Rf2 f5 52. Bf1 1/2-1/2

[Event "Swidnica op rap"]
[Site "Swidnica"]
[Date "1998.??.??"]
[Round "?"]
[White "Ponomariov, Ruslan"]
[Black "Shishkin, Vadim"]
[Result "1/2-1/2"]
[WhiteElo "2580"]
[BlackElo "2415"]
[PlyCount "103"]
[EventDate "1998.??.??"]
[EventType "swiss"]
[EventRounds "9"]
[EventCountry "POL"]
[SourceTitle "EXT 2003"]
[Source "ChessBase"]
[SourceDate "2002.11.25"]
[SourceVersion "1"]
[SourceVersionDate "2002.11.25"]
[SourceQuality "1"]

1. e4 c5 2. Nf3 Nc6 3. c3 d5 4. exd5 Qxd5 5. d4 Bg4 6. Be2 cxd4 7. cxd4 e6 8.
Nc3 Qa5 9. h3 Bh5 10. d5 exd5 11. O-O Bb4 12. Qxd5 Nf6 13. Qb3 O-O 14. Be3 Rad8
15. Rfd1 Rxd1+ 16. Rxd1 Rd8 17. Rxd8+ Qxd8 18. Nb5 Qe7 19. Qc4 a6 20. Nbd4 Nxd4
21. Bxd4 Bd6 22. Kf1 Qc7 23. Qxc7 Bxc7 24. g4 Bg6 25. Nd2 Ne4 26. Nb3 f6 27.
Bf3 Kf8 28. Ke2 b6 29. Ke3 Nd6 30. Be2 a5 31. Nd2 Bf7 32. a3 Ke7 33. h4 h6 34.
f4 g6 35. Bd3 h5 36. gxh5 gxh5 37. Nf1 Nc4+ 38. Kf3 b5 39. Bc3 Bb6 40. Ng3 Bc7
41. Nf5+ Kd7 42. Bxf6 Bg6 43. Bd4 Nd6 44. Nxd6 Bxd3 45. Ne4 Bxe4+ 46. Kxe4 Bd8
47. Bf2 Bf6 48. b4 axb4 49. axb4 Bc3 50. Bc5 Ke6 51. f5+ Kf6 52. Bd6 1/2-1/2

[Event "Swidnica op rap"]
[Site "Swidnica"]
[Date "1998.??.??"]
[Round "?"]
[White "Ponomariov, Ruslan"]
[Black "Vysochin, Spartak"]
[Result "0-1"]
[WhiteElo "2580"]
[BlackElo "2465"]
[PlyCount "80"]
[EventDate "1998.??.??"]
[EventType "swiss"]
[EventRounds "9"]
[EventCountry "POL"]
[SourceTitle "EXT 2003"]
[Source "ChessBase"]
[SourceDate "2002.11.25"]
[SourceVersion "1"]
[SourceVersionDate "2002.11.25"]
[SourceQuality "1"]

1. e4 e6 2. d4 d5 3. Nd2 Nf6 4. e5 Nfd7 5. Bd3 c5 6. c3 Nc6 7. Ne2 cxd4 8. cxd4
f6 9. exf6 Nxf6 10. Nf3 Bd6 11. O-O O-O 12. Bf4 Bxf4 13. Nxf4 Ng4 14. Ne2 Qd6
15. h3 Nf6 16. Bb5 Bd7 17. Bxc6 Bxc6 18. Qb3 Ne4 19. Rad1 a6 20. Rfe1 Rf6 21.
Qe3 Raf8 22. Nc3 Rf4 23. Rc1 h6 24. Re2 Rxf3 25. gxf3 Ng5 26. Kg2 Rxf3 27. Qe5
Qf8 28. Rh1 Rf5 29. Qe3 e5 30. Rd2 Nf3 31. Rd3 Nxd4 32. Kf1 Nc2 33. Qd2 d4 34.
Qxc2 Bxh1 35. Nd1 Kh8 36. Rd2 Bf3 37. b3 Qf7 38. Ke1 Qg6 39. Qc4 Rg5 40. Re2
Rg1+ 0-1

[Event "Swidnica op rap"]
[Site "Swidnica"]
[Date "1998.??.??"]
[Round "?"]
[White "Surjadnji, Aleksei"]
[Black "Ponomariov, Ruslan"]
[Result "0-1"]
[WhiteElo "2420"]
[BlackElo "2580"]
[PlyCount "46"]
[EventDate "1998.??.??"]
[EventType "swiss"]
[EventRounds "9"]
[EventCountry "POL"]
[SourceTitle "EXT 2003"]
[Source "ChessBase"]
[SourceDate "2002.11.25"]
[SourceVersion "1"]
[SourceVersionDate "2002.11.25"]
[SourceQuality "1"]

1. d4 Nf6 2. c4 c5 3. d5 b5 4. a4 b4 5. Nd2 g6 6. b3 Bg7 7. Bb2 O-O 8. e4 d6 9.
g3 e6 10. Bg2 exd5 11. cxd5 Re8 12. Ne2 Nxe4 13. Bxg7 Nxd2 14. Bh6 Bg4 15. Be3
Nf3+ 16. Bxf3 Bxf3 17. O-O Nd7 18. Qd2 Ne5 19. Bf4 Qd7 20. Bxe5 Rxe5 21. Nf4 g5
22. Rae1 gxf4 23. Qd3 Bxd5 0-1